Aktuálne trendy v medzinárodnom zdanení ziskov z podnikania prostredníctvom inštitútu stálej prevádzkarne dizertačná práca

Salvato in:
Dettagli Bibliografici
Autore principale: Podolinský, Vladimír
Ente Autore: Ekonomická univerzita v Bratislave. Fakulta podnikového manažmentu
Altri autori: Miková, Oľga
Natura: Libro
Lingua:slovacco
Pubblicazione: Bratislava 2007
Soggetti:
Tags: Aggiungi Tag
Nessun Tag, puoi essere il primo ad aggiungerne!!

MARC

LEADER 00000nam$a2200000$$$4500
001 0090520
005 20240109071106.7
041 0 |a slo 
044 |a SK 
245 1 0 |a Aktuálne trendy v medzinárodnom zdanení ziskov z podnikania prostredníctvom inštitútu stálej prevádzkarne  |b dizertačná práca  |c Vladimír Podolinský ; škol. Oľga Miková 
264 1 |a Bratislava  |c 2007 
300 |a 147 s. 
610 2 0 |a podnikanie 
610 2 0 |a dane 
610 2 0 |a zisk 
610 2 0 |a zdaňovanie medzinárodné 
610 2 0 |a prevádzky 
100 1 |a Podolinský, Vladimír 
700 1 |a Miková, Oľga 
710 2 |a Ekonomická univerzita v Bratislave. Fakulta podnikového manažmentu